Handbook of retinal screening in diabetes : diagnosis and management /

Bibliographic Details
Main Author: Taylor, Roy, 1952-
Other Authors: Batey, Deborah
Format: eBook
Language:English
Published: Chichester, West Sussex, UK : WileyBlackwell, 2012.
Edition:2nd ed.
Series:Wiley Online Library.
Subjects:
Online Access:Connect to the full text of this electronic book

MARC

Tag First Indicator Second Indicator Subfields
LEADER 00000cam a2200000Ia 4500
001 in00002767113
005 20210728124838.0
006 m d
007 cr cn|||||||||
008 120417s2012 enka ob 001 0 eng d
019 |a 793104241 
020 |a 1119968577 
020 |a 9781119968573 
020 |z 0470658495 (pbk. : alk. paper) 
020 |z 9780470658499 (pbk. : alk. paper) 
035 |a (OCoLC)785899784  |z (OCoLC)793104241 
035 |a (OCoLC)ocn785899784 
035 |a 3995850 
037 |a 10.1002/9781119968573  |b Wiley InterScience  |n http://www3.interscience.wiley.com 
040 |a CUS  |c CUS  |d DG1  |d TXA  |d UtOrBLW 
049 |a TXAM 
050 4 |a RE661.D5  |b T35 2012eb 
060 1 0 |a WK 39 
082 0 4 |a 617.7/3  |2 23 
100 1 |a Taylor, Roy,  |d 1952-  |0 http://id.loc.gov/authorities/names/n2006180175 
245 1 0 |a Handbook of retinal screening in diabetes :  |b diagnosis and management /  |c Roy Taylor, Deborah Batey. 
250 |a 2nd ed. 
263 |a 1203 
264 1 |a Chichester, West Sussex, UK :  |b WileyBlackwell,  |c 2012. 
300 |a 1 online resource 
336 |a text  |b txt  |2 rdacontent 
337 |a computer  |b c  |2 rdamedia 
338 |a online resource  |b cr  |2 rdacarrier 
500 |a Electronic resource. 
504 |a Includes bibliographical references and index. 
505 0 |a Type 1 diabetes Type 2 diabetes -- The eye in diabetes -- The need to screen -- Practical screening -- Normal retinal appearances -- Background retinopathy -- Maculopathy -- Severe non-proliferative ('pre-proliferative') retinopathy -- Proliferative retinopathy -- Advanced diabetic eye disease -- Non-diabetic eye disease -- Background information -- Self-assessment questions -- Answers to self-assessment questions -- Glossary of terms. 
588 |a Description based on print version record. 
650 1 2 |a Diabetic Retinopathy  |x diagnosis.  |0 https://id.nlm.nih.gov/mesh/D003930Q000175 
655 2 |a Handbook.  |0 https://id.nlm.nih.gov/mesh/D020479 
650 0 |a Diabetic retinopathy  |x Diagnosis  |v Handbooks, manuals, etc. 
655 7 |a Electronic books.  |2 local 
700 1 |a Batey, Deborah.  |0 http://id.loc.gov/authorities/names/n2011183356 
776 0 8 |i Print version:  |a Taylor, Roy, 1952-  |t Handbook of retinal screening in diabetes.  |b 2nd ed.  |d Chichester, West Sussex, UK : Wiley-Blackwell, 2011  |z 9780470658499  |w (DLC) 2011035460  |w (OCoLC)747903380 
830 0 |a Wiley Online Library. 
856 4 0 |u http://proxy.library.tamu.edu/login?url=https://dx.doi.org/10.1002/9781119968573  |z Connect to the full text of this electronic book  |t 0 
948 |a cataloged  |b h  |c 2012/6/6  |d c  |e jlanham  |f 10:53:00 am 
994 |a C0  |b TXA 
999 |a MARS 
999 f f |s 7a8ee9a3-b482-3728-bdc5-aeed12d16525  |i ec2a0dc2-9660-3f14-abc7-99c71115e2f1  |t 0 
952 f f |a Texas A&M University  |b College Station  |c Electronic Resources  |d Available Online  |t 0  |e RE661.D5 T35 2012eb  |h Library of Congress classification 
998 f f |a RE661.D5 T35 2012eb  |t 0  |l Available Online